Don Francisco Giner de los Ríos: Un soñador para la escuela (Record no. 188082)
[ view plain ]
| 000 -CABECERA | |
|---|---|
| campo de control de longitud fija | 01478nab a2200253 a 4500 |
| 005 - FECHA Y HORA DE LA ÚLTIMA TRANSACCIÓN | |
| campo de control | 20250319174057.0 |
| 008 - ELEMENTOS DE LONGITUD FIJA--INFORMACIÓN GENERAL | |
| campo de control de longitud fija | 991125c2015 sp fr p o 000 0 spa d |
| 035 ## - NÚMERO DE CONTROL DEL SISTEMA | |
| Número de control de sistema | UPN01000215982 |
| 040 ## - FUENTE DE LA CATALOGACIÓN | |
| Centro catalogador/agencia de origen | UPN |
| Lengua de catalogación | spa |
| Centro/agencia transcriptor | UPN |
| Normas de descripción | aacr2 |
| 049 ## - COLECCIÓN | |
| Colección | ART-E |
| 100 1# - ASIENTO PRINCIPAL--NOMBRE PERSONAL | |
| Nombre de persona | González Ruiz, Juan |
| 245 10 - MENCIÓN DE TÍTULO | |
| Título | Don Francisco Giner de los Ríos: Un soñador para la escuela |
| 506 0# - NOTA DE RESTRICCIONES AL ACCESO | |
| Limitaciones de acceso | Acceso abierto |
| 520 3# - NOTA DE RESUMEN, ETC. | |
| Sumario, etc. | En este año de 2015 se ha cumplido un centenario de la muerte de don Francisco Giner de los Ríos, fundador de la Institución Libre de Enseñanza y la personalidad más influyente en nuestro sistema educativo, desde el último cuarto del siglo XIX, a través de su obra y de su discipulado. El Centro de Recursos, Interpretación y Estudios de la Escuela quiere señalar tan destacada efeméride publicando la conferencia que su fundador y primer director pronunció el pasado 18 de septiembre en el Ateneo de Santander. El texto se mentiene íntegro, sin otros añadidos, pese a su carácter meramente divulgador, que alguna ilustración y las oportunas citas y referencias bibliográficas. |
| 650 #2 - ASIENTO SECUNDARIO DE MATERIA - TERMINO TEMATICO | |
| Término de materia o nombre geográfico como elemento de entrada | Sistema educativo |
| 9 (RLIN) | 8050 |
| 650 #2 - ASIENTO SECUNDARIO DE MATERIA - TERMINO TEMATICO | |
| Término de materia o nombre geográfico como elemento de entrada | Siglo xix |
| 9 (RLIN) | 10805 |
| 653 0# - TERMINO DE INDIZACION - NO CONTROLADO | |
| Término no controlado | Giner de los Ríos, Francisco, 1839-1915 |
| 653 0# - TERMINO DE INDIZACION - NO CONTROLADO | |
| Término no controlado | Institución Libre de Enseñanza |
| 773 ## - ENLACE AL DOCUMENTO FUENTE/ENTRADA DE REGISTRO ANFITRIÓN | |
| Parte(s) relacionada(s) | No. 14 (2015), p. 1-15 |
| Título | Cabás |
| Número Internacional Normalizado para Publicaciones Seriadas | 1989-5909 |
| 856 4# - LOCALIZACIÓN Y ACCESO ELECTRÓNICOS | |
| Identificador Uniforme del Recurso | <a href="https://ojs.ehu.eus/index.php/cabas/article/view/25515">https://ojs.ehu.eus/index.php/cabas/article/view/25515</a> |
| 902 ## - ELEMENTOS DE DATOS B LOCAL, LDB (RLIN) | |
| Creó | Gloria Jiménez/1124 |
| 905 ## - TIPO DE MATERIAL | |
| Tipo de material | Articulo |
| 942 ## - ELEMENTOS DE PUNTO DE ACCESO ADICIONAL (KOHA) | |
| Tipo de ítem Koha | Artículo Electrónico |
| Estado de retiro | Estado de pérdida | Estado dañado | No para préstamo | Código de colección | Localización permanente | Ubicación/localización actual | Ubicación en estantería | Fecha de adquisición | Total de préstamos | Fecha visto por última vez | Identificador Uniforme del Recurso | Precio válido a partir de | Tipo de ítem Koha |
|---|---|---|---|---|---|---|---|---|---|---|---|---|---|
| Acceso abierto | Bib. Gregorio Torres Quintero | Bib. Gregorio Torres Quintero | En línea | 11/11/2024 | 11/11/2024 | https://ojs.ehu.eus/index.php/cabas/article/view/25515 | 11/11/2024 | Artículo Electrónico |
